000 00273nam a22001217a 4500
999 _c534337
_d534337
040 _cMSOHAIL
082 _a004
100 _aParamount
_928476
245 _aComputers Made Friendly
260 _aKarachi
_bParamount Publishing
_cc2009
300 _a68;p
942 _2ddc
_cBK